Odpočet smrti / (Záznam č. 34152)
| 000 -Návěští | |
|---|---|
| Řídící pole kódované 24B | 01882nam a2200397 i 4500 |
| 001 - Kontrolní číslo | |
| Řídící pole proměnné | 5228773 |
| 003 - Identifikátor kontrolního čísla | |
| Řídící pole proměnné | CZ PrSKC |
| 005 - Datum posledního zpracování | |
| Řídící pole 16B | 20260415084151.0 |
| 007 - Pole pevné délky pro fyzický popis | |
| Řídící pole kódované | ta |
| 008 - Údaje pevné délky | |
| Řídící pole kódované 40B | 260409s2026 xr g 000 f cze |
| 020 ## - ISBN | |
| ISBN | 9788028414238 |
| 040 ## - Zdroj katalogizace-agentura | |
| Agentura původní katalogizace | ABG001 |
| Jazyk katalogizace | cze |
| Použitá pravidla popisu | rda |
| 041 1# - Kód jazyka | |
| Kód jazyka textu/zvuku, mezititulků | cze |
| Kód jazyka originálu | eng |
| 072 #7 - Kód předmětové kategorie - Konspekt | |
| Předmětová kategorie | 821.111-3 |
| Zpřesnění předmětové kategorie | Anglická próza, anglicky psaná |
| Zdroj předmětové klasifikace | Konspekt |
| 080 ## - MDT | |
| Klasifikační znak MDT | 821.111-31 |
| Idetifikátor vydání MDT | MRF |
| 080 ## - MDT | |
| Klasifikační znak MDT | (0:82-312.4) |
| Idetifikátor vydání MDT | MRF |
| 100 1# - Hlavní záhlaví - osobní jméno autora | |
| Osobní jméno | Holland, Sam |
| Kód role | aut |
| 9 (RLIN) | 16600 |
| 240 10 - Unifikovaný název | |
| Unifikovaný název | <a href="Countdown killer.">Countdown killer.</a> |
| Jazyk díla | Česky |
| 245 10 - Údaje o názvu | |
| Název | Odpočet smrti / |
| Údaj o odpovědností, atd. | Sam Holland ; přeložil Jan Jirák |
| 250 ## - Údaje o vydání | |
| Označení vydání | Vydání první |
| 264 #1 - Nakladatelské údaje | |
| Místo vydání | Praha : |
| Nakladatel | Euromedia Group, |
| Rok vydání | 2026 |
| 300 ## - Fyzický popis | |
| Rozsah | 390 stran ; |
| Rozměry | 24 cm |
| 500 ## - Všeobecná poznámka | |
| Text obecné poznámky | "Vydala Euromedia Group, a.s., v edici Kalibr"--Tiráž |
| 500 ## - Všeobecná poznámka | |
| Text obecné poznámky | Přeloženo z angličtiny |
| 520 2# - Anotace | |
| Anotace, atd. | Čtvrtý z řady krimithrillerů Major Crimes od anglické autorky přináší případ série nájemných únosů a vražd. |
| Rozšířený text anotace | Detektiv Cara Elliottová obdrží uprostřed noci zásilku: DVD se záznamem kruté, hrůzné vraždy. Tuhle smrt si někdo objednal. A vykonavatelé splnili všechny jeho zvrácené požadavky. Vyvolalo to nadšení... a přilákalo další zájemce. Další žádost, únos - a po 48 hodinách věznění vražda. Pak ale zabijáci zjistí, že je mají policisté na mušce, a rozhodnou se zariskovat: své lovce změní v lovnou zvěř. Čas běží a Caře nakonec nezbude než hledat pomoc u někoho, kde by to čekala nejmíň - u Kopíráka... Nakladatelská anotace. |
| 655 #7 - Rejstříkový termín - žánr/forma | |
| Žánr/forma či základní termín | anglické romány |
| 655 #7 - Rejstříkový termín - žánr/forma | |
| Žánr/forma či základní termín | detektivní romány |
| 655 #7 - Rejstříkový termín - žánr/forma | |
| Žánr/forma či základní termín | thrillery (romány) |
| -- | 20 |
| 655 #9 - Rejstříkový termín - žánr/forma | |
| Žánr/forma či základní termín | English fiction |
| 655 #9 - Rejstříkový termín - žánr/forma | |
| Žánr/forma či základní termín | detective novels |
| 655 #9 - Rejstříkový termín - žánr/forma | |
| Žánr/forma či základní termín | thrillers (novels) |
| -- | 125 |
| 700 1# - Vedlejší záhlaví - osobní jméno autora | |
| Osobní jméno | Jirák, Jan, |
| Datumy související se jménem | 1958- |
| Kód role | trl |
| 9 (RLIN) | 6174 |
| 710 2# - Vedlejší záhlaví - jméno korporativního autora | |
| Jméno korporace nebo jurisdikce | Kalibr (nakladatelství) |
| Kód role | pbl |
| 9 (RLIN) | 20503 |
| 910 ## - Údaje o vlastníkovi jednotky (exempláře) | |
| Sigla vlastníka jednotky | ABG508 |
| Stav ztráty | Zdroj klasifikace pro skladování | Stav poškození |
|---|---|---|
| Universal Decimal Classification |